00751nam a22001817a 4500003000400000008004100004020001800045082001400063100002100077245004300098260003600141300001100177650002700188942001200215999001700227952016300244952016200407OSt250410b |||||||| |||| 00| 0 eng d a9788119613663 a615.4 CHA aChauhan, Deepesh aAll-in-One Practical Book For B.Pharma aN.DelhibIP Innvative pubc2025 axv,159 aPHARMACY GENERAL BOOKS 2ddccBK c13268d13268 00102ddc40708BPaPIETbPIETd2025-04-04eZafaa Books DistributresfRsg475.00kZBDO006l0o615.4 CHApBP2710r2025-04-10 00:00:00v356.25w2025-04-04yREF 00102ddc40708BPaPIETbPIETd2025-04-04eZafaa Books DistributresfRsg475.00kZBDO006l0o615.4 CHApBP2711r2025-04-10 00:00:00v356.25w2025-04-04yBK